Statistics for Least Densely Populated Countries by Letter

Click here to take the quiz!

General Stats

  • This quiz has been taken 54 times
  • The average score is 17 of 24

Answer Stats

HintAnswer% Correct
OOman
96%
QQatar
93%
YYemen
91%
ZZambia
91%
MMongolia
89%
KKazakhstan
83%
RRussia
83%
AAustralia
80%
UUruguay
78%
VVanuatu
76%
CCanada
72%
IIceland
72%
JJordan
72%
TTurkmenistan
72%
FFinland
65%
HHonduras
65%
DDjibouti
63%
NNamibia
61%
BBotswana
59%
EEstonia
52%
LLibya
52%
PParaguay
50%
SSuriname
46%
GGuyana
43%

Score Distribution

Percentile by Number Answered

Percent of People with Each Score

Your Score History

You have not taken this quiz